<?xml version="1.0" encoding="UTF-8"?>
<record
    xmlns:xsi="http://www.w3.org/2001/XMLSchema-instance"
    xsi:schemaLocation="http://www.loc.gov/MARC21/slim http://www.loc.gov/standards/marcxml/schema/MARC21slim.xsd"
    xmlns="http://www.loc.gov/MARC21/slim">

  <leader>01821nam2a22003611  4500</leader>
  <controlfield tag="001">rc\403136</controlfield>
  <controlfield tag="005">20250621134422.0</controlfield>
  <datafield tag="010" ind1=" " ind2=" ">
    <subfield code="b">&#x412; &#x43F;&#x435;&#x440;.</subfield>
    <subfield code="d">1 &#x440;. 90 &#x43A;.</subfield>
  </datafield>
  <datafield tag="021" ind1=" " ind2=" ">
    <subfield code="a">RU</subfield>
    <subfield code="b">89-73739</subfield>
  </datafield>
  <datafield tag="035" ind1=" " ind2=" ">
    <subfield code="a">(NLR Aleph) 005805726</subfield>
  </datafield>
  <datafield tag="090" ind1=" " ind2=" ">
    <subfield code="a">5341688</subfield>
    <subfield code="c">5341688</subfield>
  </datafield>
  <datafield tag="100" ind1=" " ind2=" ">
    <subfield code="a">20030616d1989    |||y0rusy50      ca</subfield>
  </datafield>
  <datafield tag="101" ind1="0" ind2=" ">
    <subfield code="a">rus</subfield>
  </datafield>
  <datafield tag="102" ind1=" " ind2=" ">
    <subfield code="a">RU</subfield>
  </datafield>
  <datafield tag="105" ind1=" " ind2=" ">
    <subfield code="a">a   z||||||a|</subfield>
  </datafield>
  <datafield tag="200" ind1="1" ind2=" ">
    <subfield code="a">&#x41F;&#x43E;&#x432;&#x435;&#x441;&#x442;&#x438;</subfield>
    <subfield code="f">[&#x445;&#x443;&#x434;&#x43E;&#x436;. &#x415;. &#x41A;&#x430;&#x442;&#x430;&#x43A;&#x430;&#x43B;&#x438;&#x434;&#x438;&#x441;]</subfield>
  </datafield>
  <datafield tag="215" ind1=" " ind2=" ">
    <subfield code="a">407, [1] &#x441;.</subfield>
    <subfield code="c">&#x438;&#x43B;.</subfield>
  </datafield>
  <datafield tag="327" ind1="1" ind2=" ">
    <subfield code="a">&#x421;&#x43E;&#x434;&#x435;&#x440;&#x436;.: &#x41D;&#x430; 9-&#x439; &#x425;&#x440;&#x435;&#x431;&#x442;&#x43E;&#x432;&#x43E;&#x439; ; &#x414;&#x435;&#x43B;&#x43E;&#x432;&#x430;&#x44F; &#x43F;&#x43E;&#x435;&#x437;&#x434;&#x43A;&#x430; ; &#x417;&#x430;&#x431;&#x44B;&#x442;&#x44B;&#x439; &#x430;&#x432;&#x433;&#x443;&#x441;&#x442; ; &#x41F;&#x430;&#x440;&#x43A; ; &#x414;&#x43E;&#x43F;&#x440;&#x43E;&#x441; ; &#x421;&#x442;&#x440;&#x443;&#x43A;&#x442;&#x443;&#x440;&#x430; &#x43C;&#x43E;&#x43C;&#x435;&#x43D;&#x442;&#x430; ; &#x41F;&#x440;&#x43E;&#x441;&#x43D;&#x443;&#x432;&#x448;&#x438;&#x441;&#x44C; &#x441; &#x443;&#x43B;&#x44B;&#x431;&#x43A;&#x43E;&#x439;</subfield>
  </datafield>
  <datafield tag="461" ind1=" " ind2="0">
    <subfield code="1">001rc\403135</subfield>
    <subfield code="1">2001#$a&#x418;&#x437;&#x431;&#x440;&#x430;&#x43D;&#x43D;&#x43E;&#x435;$e&#x412; 2 &#x442;.$f&#x420;&#x443;&#x441;&#x442;&#x430;&#x43C; &#x418;&#x431;&#x440;&#x430;&#x433;&#x438;&#x43C;&#x431;&#x435;&#x43A;&#x43E;&#x432;$v&#x422;. 1</subfield>
    <subfield code="1">700#1$a&#x418;&#x431;&#x440;&#x430;&#x433;&#x438;&#x43C;&#x431;&#x435;&#x43A;&#x43E;&#x432;$b&#x420;.$g&#x420;&#x443;&#x441;&#x442;&#x430;&#x43C;$f1939-</subfield>
    <subfield code="9">5341679</subfield>
    <subfield code="a">&#x418;&#x431;&#x440;&#x430;&#x433;&#x438;&#x43C;&#x431;&#x435;&#x43A;&#x43E;&#x432;, &#x420;. (1939-)</subfield>
    <subfield code="c">&#x411;&#x430;&#x43A;&#x443;</subfield>
    <subfield code="d">1989</subfield>
    <subfield code="f">&#x420;&#x443;&#x441;&#x442;&#x430;&#x43C; &#x418;&#x431;&#x440;&#x430;&#x433;&#x438;&#x43C;&#x431;&#x435;&#x43A;&#x43E;&#x432;</subfield>
    <subfield code="n">&#x410;&#x437;&#x435;&#x440;&#x43D;&#x435;&#x448;&#x440;</subfield>
    <subfield code="o">&#x432; 2-&#x445; &#x442;&#x43E;&#x43C;&#x430;&#x445;</subfield>
    <subfield code="t">&#x418;&#x437;&#x431;&#x440;&#x430;&#x43D;&#x43D;&#x43E;&#x435;</subfield>
    <subfield code="y">5552002571</subfield>
    <subfield code="v">&#x422;. 1</subfield>
  </datafield>
  <datafield tag="464" ind1=" " ind2="0">
    <subfield code="1">2001#$a&#x41D;&#x430; 9-&#x439; &#x425;&#x440;&#x435;&#x431;&#x442;&#x43E;&#x432;&#x43E;&#x439;</subfield>
    <subfield code="1">53211$a&#x41D;&#x430; &#x414;&#x435;&#x432;&#x44F;&#x442;&#x43E;&#x439; &#x425;&#x440;&#x435;&#x431;&#x442;&#x43E;&#x432;&#x43E;&#x439;</subfield>
    <subfield code="t">&#x41D;&#x430; 9-&#x439; &#x425;&#x440;&#x435;&#x431;&#x442;&#x43E;&#x432;&#x43E;&#x439;</subfield>
  </datafield>
  <datafield tag="464" ind1=" " ind2="0">
    <subfield code="1">2001#$a&#x414;&#x435;&#x43B;&#x43E;&#x432;&#x430;&#x44F; &#x43F;&#x43E;&#x435;&#x437;&#x434;&#x43A;&#x430;</subfield>
    <subfield code="t">&#x414;&#x435;&#x43B;&#x43E;&#x432;&#x430;&#x44F; &#x43F;&#x43E;&#x435;&#x437;&#x434;&#x43A;&#x430;</subfield>
  </datafield>
  <datafield tag="464" ind1=" " ind2="0">
    <subfield code="1">2001#$a&#x417;&#x430;&#x431;&#x44B;&#x442;&#x44B;&#x439; &#x430;&#x432;&#x433;&#x443;&#x441;&#x442;</subfield>
    <subfield code="t">&#x417;&#x430;&#x431;&#x44B;&#x442;&#x44B;&#x439; &#x430;&#x432;&#x433;&#x443;&#x441;&#x442;</subfield>
  </datafield>
  <datafield tag="464" ind1=" " ind2="0">
    <subfield code="1">2001#$a&#x41F;&#x430;&#x440;&#x43A;</subfield>
    <subfield code="t">&#x41F;&#x430;&#x440;&#x43A;</subfield>
  </datafield>
  <datafield tag="464" ind1=" " ind2="0">
    <subfield code="1">2001#$a&#x414;&#x43E;&#x43F;&#x440;&#x43E;&#x441;</subfield>
    <subfield code="t">&#x414;&#x43E;&#x43F;&#x440;&#x43E;&#x441;</subfield>
  </datafield>
  <datafield tag="464" ind1=" " ind2="0">
    <subfield code="1">2001#$a&#x421;&#x442;&#x440;&#x443;&#x43A;&#x442;&#x443;&#x440;&#x430; &#x43C;&#x43E;&#x43C;&#x435;&#x43D;&#x442;&#x430;</subfield>
    <subfield code="t">&#x421;&#x442;&#x440;&#x443;&#x43A;&#x442;&#x443;&#x440;&#x430; &#x43C;&#x43E;&#x43C;&#x435;&#x43D;&#x442;&#x430;</subfield>
  </datafield>
  <datafield tag="464" ind1=" " ind2="0">
    <subfield code="1">2001#$a&#x41F;&#x440;&#x43E;&#x441;&#x43D;&#x443;&#x432;&#x448;&#x438;&#x441;&#x44C; &#x441; &#x443;&#x43B;&#x44B;&#x431;&#x43A;&#x43E;&#x439;</subfield>
    <subfield code="t">&#x41F;&#x440;&#x43E;&#x441;&#x43D;&#x443;&#x432;&#x448;&#x438;&#x441;&#x44C; &#x441; &#x443;&#x43B;&#x44B;&#x431;&#x43A;&#x43E;&#x439;</subfield>
  </datafield>
  <datafield tag="702" ind1=" " ind2="1">
    <subfield code="a">&#x41A;&#x430;&#x442;&#x430;&#x43A;&#x430;&#x43B;&#x438;&#x434;&#x438;&#x441;</subfield>
    <subfield code="b">&#x415;.</subfield>
    <subfield code="4">440</subfield>
  </datafield>
  <datafield tag="801" ind1=" " ind2="0">
    <subfield code="a">RU</subfield>
    <subfield code="b">NLR</subfield>
    <subfield code="g">psbo</subfield>
  </datafield>
  <datafield tag="801" ind1=" " ind2="1">
    <subfield code="a">RU</subfield>
    <subfield code="b">ELAR</subfield>
    <subfield code="2">rusmarc</subfield>
  </datafield>
  <datafield tag="852" ind1=" " ind2=" ">
    <subfield code="a">NLR</subfield>
    <subfield code="j">89-3/13840</subfield>
  </datafield>
  <datafield tag="942" ind1=" " ind2=" ">
    <subfield code="c">BOOK</subfield>
  </datafield>
  <datafield tag="980" ind1=" " ind2=" ">
    <subfield code="a">NB</subfield>
  </datafield>
  <datafield tag="995" ind1=" " ind2=" ">
    <subfield code="5">2013-10-26</subfield>
    <subfield code="b">NLR01</subfield>
    <subfield code="c">NLR01</subfield>
    <subfield code="e">RF9</subfield>
    <subfield code="f">5805726-10</subfield>
    <subfield code="k">89-3/13840</subfield>
    <subfield code="o">0</subfield>
    <subfield code="r">BOOK</subfield>
    <subfield code="s">89313840_</subfield>
  </datafield>
</record>
